Casillero

Detalles Bibliográficos
Lenguaje:español

MARC

LEADER 00000nrm a22000007a 4500
003 UAHC
005 20230328125802.0
008 171204b cl |||||||||| 00| z|spa d
040 |a UAHC  |c UAHC  |d UAHC 
245 |a Casillero 
942 |c CSLL 
952 |0 0  |1 0  |4 0  |6 CASILLERO_01  |7 0  |9 89052  |a BC  |b BC  |c General  |d 2017-12-04  |e DIRECTA  |l 193  |m 5  |o CASILLERO-01  |p 2957  |r 2026-04-28 14:52:46  |s 2026-04-27  |w 2017-12-04  |y CSLL 
952 |0 0  |1 0  |4 0  |6 CASILLERO_02  |7 0  |9 89054  |a BC  |b BC  |c General  |d 2017-12-04  |e DIRECTA  |l 261  |m 19  |o CASILLERO-02  |p 2958  |r 2026-04-29 14:42:34  |s 2026-04-29  |t 1  |w 2017-12-04  |y CSLL 
952 |0 0  |1 0  |4 0  |6 CASILLERO_03  |7 0  |9 89055  |a BC  |b BC  |c General  |d 2017-12-04  |e DIRECTA  |l 245  |m 6  |o CASILLERO-03  |p 2959  |q 2026-04-16  |r 2026-04-15 10:57:46  |s 2026-04-15  |t 1  |w 2017-12-04  |y CSLL 
952 |0 0  |1 0  |4 0  |6 CASILLERO_04  |7 0  |9 89056  |a BC  |b BC  |c General  |d 2017-12-04  |e DIRECTA  |l 370  |m 5  |o CASILLERO-04  |p 2960  |r 2026-04-29 14:41:26  |s 2026-04-29  |t 1  |w 2017-12-04  |y CSLL 
952 |0 0  |1 0  |2 ddc  |4 0  |6 CASILLERO_05  |7 0  |9 89057  |a BC  |b BC  |c General  |d 2017-12-04  |e DIRECTA  |l 303  |m 7  |o CASILLERO-05  |p 2961  |r 2026-04-29 14:42:42  |s 2026-04-29  |t 1  |w 2017-12-04  |x Candado no cierra bien, no prestar  |y CSLL 
952 |0 0  |1 0  |4 0  |6 CASILLERO_06  |7 0  |9 89058  |a BC  |b BC  |c General  |d 2017-12-04  |e DIRECTA  |l 100  |m 4  |o CASILLERO-06  |p 2962  |r 2026-03-27 13:15:18  |s 2026-03-26  |t 1  |w 2017-12-04  |y CSLL 
952 |0 0  |1 0  |4 0  |6 CASILLERO_07  |7 0  |9 89059  |a BC  |b BC  |c General  |d 2017-12-04  |e DIRECTA  |l 97  |m 2  |o CASILLERO-07  |p 2963  |r 2025-10-01 17:17:07  |s 2025-09-30  |t 1  |w 2017-12-04  |y CSLL 
952 |0 0  |1 0  |4 0  |6 CASILLERO_08  |7 0  |9 89060  |a BC  |b BC  |c General  |d 2017-12-04  |e DIRECTA  |l 153  |m 2  |o CASILLERO-08  |p 2964  |r 2026-04-29 14:41:47  |s 2026-04-29  |t 1  |w 2017-12-04  |y CSLL 
952 |0 0  |1 0  |4 0  |6 CASILLERO_09  |7 0  |9 89061  |a BC  |b BC  |c General  |d 2017-12-04  |e DIRECTA  |l 92  |m 4  |o CASILLERO-09  |p 2965  |r 2026-04-29 13:38:25  |s 2026-04-29  |t 1  |w 2017-12-04  |y CSLL 
952 |0 0  |1 0  |4 0  |6 CASILLERO_10  |7 0  |9 89062  |a BC  |b BC  |c General  |d 2017-12-04  |e DIRECTA  |l 98  |m 6  |o CASILLERO-10  |p 2966  |r 2026-05-04 16:21:23  |s 2026-05-04  |t 1  |w 2017-12-04  |y CSLL 
952 |0 0  |1 0  |4 0  |6 CASILLERO_11  |7 0  |9 89063  |a BC  |b BC  |c General  |d 2017-12-04  |e DIRECTA  |l 53  |o CASILLERO-11  |p 2967  |r 2026-05-04 14:14:54  |s 2026-05-04  |t 1  |w 2017-12-04  |y CSLL 
952 |0 0  |1 0  |4 0  |6 CASILLERO_12  |7 0  |9 89064  |a BC  |b BC  |c General  |d 2017-12-04  |e DIRECTA  |l 103  |o CASILLERO-12  |p 2968  |r 2026-05-04 17:50:04  |s 2026-04-30  |t 1  |w 2017-12-04  |y CSLL 
952 |0 0  |1 0  |4 0  |6 CASILLERO_13  |7 0  |9 89065  |a BC  |b BC  |c General  |d 2017-12-04  |e DIRECTA  |l 75  |m 8  |o CASILLERO-13  |p 2969  |q 2026-05-05  |r 2026-05-04 11:27:38  |s 2026-05-04  |t 1  |w 2017-12-04  |y CSLL 
952 |0 0  |1 0  |4 0  |6 CASILLERO_14  |7 0  |9 89066  |a BC  |b BC  |c General  |d 2017-12-04  |e DIRECTA  |l 91  |o CASILLERO-14  |p 2970  |r 2026-05-04 16:55:38  |s 2026-05-04  |t 1  |w 2017-12-04  |y CSLL 
952 |0 0  |1 0  |4 0  |6 CASILLERO_15  |7 0  |9 89067  |a BC  |b BC  |c General  |d 2017-12-04  |e DIRECTA  |l 30  |o CASILLERO-15  |p 2971  |r 2026-01-19 00:00:00  |s 2025-10-20  |t 1  |w 2017-12-04  |y CSLL 
952 |0 0  |1 0  |4 0  |6 CASILLERO_16  |7 0  |9 89068  |a BC  |b BC  |c General  |d 2017-12-04  |e DIRECTA  |l 29  |o CASILLERO-16  |p 2972  |q 2026-04-30  |r 2026-04-29 12:07:35  |s 2026-04-29  |t 1  |w 2017-12-04  |y CSLL 
952 |0 0  |1 0  |4 0  |6 CASILLERO_17  |7 0  |9 89069  |a BC  |b BC  |c General  |d 2017-12-04  |e DIRECTA  |l 19  |m 6  |o CASILLERO-17  |p 2973  |r 2026-04-13 14:32:04  |s 2026-04-13  |t 1  |w 2017-12-04  |y CSLL 
952 |0 0  |1 0  |4 0  |6 CASILLERO_18  |7 0  |9 89070  |a BC  |b BC  |c General  |d 2017-12-04  |e DIRECTA  |l 1  |o CASILLERO-18  |p 2974  |r 2026-01-19 00:00:00  |s 2023-05-30  |t 1  |w 2017-12-04  |y CSLL 
952 |0 0  |1 0  |4 0  |6 ARTES_01  |7 0  |9 92532  |a BS  |b BS  |c General  |d 2019-08-05  |e DIRECTA  |l 2  |o ARTES-01   |p 4960  |r 2025-02-28 00:00:00  |s 2024-04-15  |w 2019-08-05  |y CSLL 
952 |0 0  |1 0  |4 0  |6 ARTES_02  |7 0  |9 92533  |a BS  |b BS  |c General  |d 2019-08-05  |e DIRECTA  |l 4  |o ARTES-02  |p 4961  |r 2025-11-07 16:16:29  |s 2025-11-07  |w 2019-08-05  |y CSLL 
952 |0 0  |1 0  |4 0  |6 ARTES_03  |7 0  |9 92534  |a BS  |b BS  |c General  |d 2019-08-05  |e DIRECTA  |l 5  |o ARTES-03  |p 4962  |r 2025-04-10 16:04:10  |s 2025-04-10  |w 2019-08-05  |y CSLL 
952 |0 0  |1 0  |4 0  |6 ARTES_04  |7 0  |9 92535  |a BS  |b BS  |c General  |d 2019-08-05  |e DIRECTA  |l 3  |o ARTES-04   |p 4963  |r 2025-02-28 00:00:00  |s 2024-05-08  |w 2019-08-05  |y CSLL 
952 |0 0  |1 0  |4 0  |6 ARTES_05  |7 0  |9 92536  |a BS  |b BS  |c General  |d 2019-08-05  |e DIRECTA  |l 7  |o ARTES-05  |p 4964  |q 2025-11-03  |r 2025-10-30 15:47:27  |s 2025-10-30  |w 2019-08-05  |y CSLL 
952 |0 0  |1 0  |4 0  |6 ARTES_06  |7 0  |9 92537  |a BS  |b BS  |c General  |d 2019-08-05  |e DIRECTA  |l 10  |o ARTES-06  |p 4965  |r 2025-08-20 17:15:27  |s 2025-08-20  |w 2019-08-05  |y CSLL 
952 |0 0  |1 0  |4 0  |6 ARTES_07  |7 0  |9 92545  |a BS  |b BS  |c General  |d 2019-08-06  |e DIRECTA  |l 27  |o ARTES-07  |p 4966  |q 2026-04-30  |r 2026-04-22 10:02:34  |s 2026-04-22  |w 2019-08-06  |y CSLL 
952 |0 0  |1 0  |4 0  |6 ARTES_08  |7 0  |9 92546  |a BS  |b BS  |c General  |d 2022-11-15  |e DIRECTA  |l 11  |o ARTES-08  |p 4967  |r 2026-04-16 16:17:08  |s 2026-04-16  |w 2019-08-06  |y CSLL 
952 |0 0  |1 0  |4 0  |6 ARTES_09  |7 0  |9 92547  |a BS  |b BS  |c General  |d 2019-08-06  |e DIRECTA  |l 10  |o ARTES-09  |p 4968  |r 2025-12-09 17:11:01  |s 2025-12-04  |w 2019-08-06  |y CSLL 
952 |0 0  |1 0  |4 0  |6 ARTES_10  |7 0  |9 92548  |a BS  |b BS  |c General  |d 2019-08-06  |e DIRECTA  |l 13  |o ARTES-10  |p 4969  |r 2026-04-16 12:00:30  |s 2026-04-16  |w 2019-08-06  |y CSLL 
952 |0 0  |1 0  |4 0  |6 ARTES_11  |7 0  |9 92549  |a BS  |b BS  |c General  |d 2019-08-06  |e DIRECTA  |l 11  |o ARTES-11  |p 4970  |r 2026-04-16 16:16:19  |s 2026-04-16  |w 2019-08-06  |y CSLL 
952 |0 0  |1 0  |4 0  |6 ARTES_12  |7 0  |9 92550  |a BS  |b BS  |c General  |d 2019-08-06  |e DIRECTA  |l 3  |o ARTES-12  |p 4971  |r 2025-09-22 10:03:51  |s 2025-09-22  |w 2019-08-06  |y CSLL 
952 |0 0  |1 0  |4 0  |6 ARTES_13  |7 0  |9 92551  |a BS  |b BS  |c General  |d 2019-08-06  |e DIRECTA  |l 17  |o ARTES-13  |p 4972  |r 2026-04-30 14:15:05  |s 2026-04-30  |w 2019-08-06  |y CSLL 
952 |0 0  |1 0  |4 0  |6 ARTES_14  |7 0  |9 92552  |a BS  |b BS  |c General  |d 2019-08-06  |e DIRECTA  |o ARTES-14  |p 4973  |r 2025-02-28 00:00:00  |w 2019-08-06  |y CSLL 
952 |0 0  |1 0  |2 ddc  |4 0  |6 ARTES_15  |7 0  |9 92553  |a BS  |b BS  |c General  |d 2019-08-06  |e DIRECTA  |l 17  |o ARTES-15  |p 4974  |r 2026-03-26 12:01:18  |s 2026-03-26  |w 2019-08-06  |y CSLL 
952 |0 0  |1 0  |4 0  |6 CASILLERO_16  |7 0  |9 92554  |a BS  |b BS  |c General  |d 2019-08-06  |e DIRECTA  |l 8  |m 1  |o CASILLERO-16  |p 4975  |q 2025-10-02  |r 2025-10-01 13:04:35  |s 2025-10-01  |w 2019-08-06  |y CSLL 
952 |0 0  |1 0  |4 0  |6 CASILLERO_17  |7 0  |9 92555  |a BS  |b BS  |c General  |d 2019-08-06  |e DIRECTA  |l 6  |o CASILLERO-17  |p 4976  |r 2026-04-23 18:00:51  |s 2026-04-23  |w 2019-08-06  |y CSLL 
952 |0 0  |1 0  |4 0  |6 CASILLERO_18  |7 0  |9 92556  |a BS  |b BS  |c General  |d 2019-08-06  |e DIRECTA  |l 1  |o CASILLERO-18  |p 4977  |r 2025-02-28 00:00:00  |s 2024-10-24  |w 2019-08-06  |y CSLL 
952 |0 0  |1 0  |4 0  |6 CASILLERO_19  |7 0  |9 92557  |a BS  |b BS  |c General  |d 2019-08-06  |e DIRECTA  |l 1  |o CASILLERO-19  |p 4978  |r 2025-02-28 00:00:00  |s 2024-10-22  |w 2019-08-06  |y CSLL 
952 |0 0  |1 0  |4 0  |6 CASILLERO_20  |7 0  |9 92558  |a BS  |b BS  |c General  |d 2019-08-06  |e DIRECTA  |l 11  |o CASILLERO-20  |p 4979  |r 2026-04-23 15:58:33  |s 2026-04-23  |w 2019-08-06  |y CSLL 
952 |0 0  |1 0  |2 ddc  |4 0  |6 REPÚBLICA_01  |7 0  |9 97866  |a BR  |b BR  |c General  |d 2023-03-28  |e DIRECTA  |l 57  |o REPÚBLICA-01  |p 6119  |r 2026-05-04 17:15:38  |s 2026-05-04  |t 1  |w 2023-03-28  |y CSLL 
952 |0 0  |1 0  |2 ddc  |4 0  |6 REPÚBLICA_02  |7 0  |9 97867  |a BR  |b BR  |c General  |d 2023-03-28  |e DIRECTA  |l 107  |o REPÚBLICA-02  |p 6120  |r 2026-04-30 21:02:45  |s 2026-04-30  |t 1  |w 2023-03-28  |y CSLL 
952 |0 0  |1 0  |2 ddc  |4 0  |6 REPÚBLICA_03  |7 0  |9 97868  |a BR  |b BR  |c General  |d 2023-03-28  |e DIRECTA  |l 20  |o REPÚBLICA-03  |p 6121  |r 2026-04-29 19:58:59  |s 2026-04-29  |t 1  |w 2023-03-28  |y CSLL 
952 |0 0  |1 0  |2 ddc  |4 0  |6 REPÚBLICA_04  |7 0  |9 97869  |a BR  |b BR  |c General  |d 2023-03-28  |e DIRECTA  |l 62  |o REPÚBLICA-04  |p 6122  |r 2026-04-28 14:43:27  |s 2026-04-28  |t 1  |w 2023-03-28  |y CSLL 
952 |0 0  |1 0  |2 ddc  |4 0  |6 REPÚBLICA_05  |7 0  |9 97870  |a BR  |b BR  |c General  |d 2023-03-28  |e DIRECTA  |l 4  |o REPÚBLICA-05  |p 6123  |r 2026-04-21 18:21:27  |s 2026-01-16  |t 1  |w 2023-03-28  |y CSLL 
952 |0 0  |1 0  |2 ddc  |4 0  |6 REPÚBLICA_06  |7 0  |9 97871  |a BR  |b BR  |c General  |d 2023-03-28  |e DIRECTA  |l 35  |o REPÚBLICA-06  |p 6124  |r 2026-04-28 14:43:21  |s 2026-04-28  |t 1  |w 2023-03-28  |y CSLL 
952 |0 0  |1 0  |2 ddc  |4 0  |6 REPÚBLICA_07  |7 0  |9 97872  |a BR  |b BR  |c General  |d 2023-03-28  |e DIRECTA  |l 41  |o REPÚBLICA-07  |p 6125  |r 2026-04-28 14:54:12  |s 2026-04-28  |t 1  |w 2023-03-28  |y CSLL 
952 |0 0  |1 0  |2 ddc  |4 0  |6 REPÚBLICA_08  |7 0  |9 97873  |a BR  |b BR  |c General  |d 2023-03-28  |e DIRECTA  |l 13  |o REPÚBLICA-08  |p 6126  |r 2026-04-28 14:54:04  |s 2026-04-28  |t 1  |w 2023-03-28  |y CSLL 
952 |0 0  |1 0  |2 ddc  |4 0  |6 REPÚBLICA_09  |7 0  |9 97874  |a BR  |b BR  |c General  |d 2023-03-28  |e DIRECTA  |l 21  |o REPÚBLICA-09  |p 6127  |r 2025-11-27 13:30:43  |s 2025-11-21  |w 2023-03-28  |y CSLL 
999 |c 50064  |d 50064